| 000 | 00832nam a2200229 a 4500 | ||
|---|---|---|---|
| 001 | 011991 | ||
| 003 | BD-ChCU | ||
| 005 | 20251203090621.0 | ||
| 008 | Ben | ||
| 020 | _a৮১৭৩৮১১৫৮এক্স | ||
| 040 |
_aDLC _cDLC _dBD-ChCU |
||
| 082 | 0 | 0 | _a৩২৭/দাশ ৫৬ আ |
| 100 | 1 |
_aদাশ, প্রানগোবিন্দ _b. |
|
| 245 | 1 | 0 |
_aআন্তর্জাতিক সম্পর্ক / _b. _cপ্রানগোবিন্দ দাশ |
| 250 | _a*** | ||
| 260 |
_aকলিকাতা : _bনিউ সেন্ট্রাল বুক এজেন্সি, _c১৯৯১ |
||
| 300 | _a** | ||
| 504 | _a. Biblio- | ||
| 650 | 0 |
_aআন্তর্জাতিক সম্পর্ক _bরাজনীতিবিঞ্জান |
|
| 700 | 1 | _a. | |
| 942 |
_2ddc _cBK |
||
| 999 |
_c11991 _d11991 |
||